000 00384nam a22001457a 4500
020 _a9789693516531
040 _cNUST
082 _a910.4
_bMAS
100 _aMaskeen Ali Hijazi, Dr
_981001
245 _aDollar Kay Dais Main; Safarnama
260 _aLAHORE
_bSang-E-Meel Publications
_c2005
300 _b148P
650 _2Urdu Literature-Travelogue. Safarnama
942 _2ddc
_cBK
999 _c585874
_d585874